Savon postupuje Majstrovstvá sveta v boxe

Bibliographic Details
Format: Article
Language:Slovak
Subjects:

MARC

LEADER 00000nab a2200000 a 4500
001 vtls000484150
003 SK-MaSNL
005 20260303005423.0
008 120927c1993 xo 0 slo
015 |a SNBRB19rr/mm-uuuuu 
035 |a CL0484285 
040 |a SNKBUCL  |b slo  |c SNKBUCL  |e AACR2 
041 0 |a slo 
044 |a xo  |c SK 
080 |a 796.83.093.1(100)  |2 1981 
245 0 0 |a Savon postupuje  |b Majstrovstvá sveta v boxe 
650 0 7 |a box  |2 snkbucl  |9 3272 
655 7 |a články z novín a časopisov  |2 snkbucl  |9 267496 
773 0 |t Šport  |g Roč. 47, č. 109 (13. 5. 1993), s. 4 
850 |a Slovenská národná knižnica v Martine  |a MTA001 
852 |a SNK  |b KIS3GCP 
958 |a RK 
992 |a RBX 
999 |c 1582467  |d 1584397